000 00945nam a2200217 i 4500
001 164868
003 ES-MaACL
005 20230906213025.0
008 940301s1891 sp |||| | spa d
040 _aAS
_bspa
100 1 _aSbarbi y Osuna, José María.
_9132521
245 1 0 _aMonografía sobre los refranes, adagios y proverbios castellanos y las obras o fragmentos que expresamente tratan de ellos en nuestra lengua /
_cobra escrita por José María Sbarbi.
260 _aMadrid :
_b[s.n.],
_c1891 (
_fImprenta y Litografía de los Huérfanos)
300 _a412 p. ;
_c28 cm.
500 _aPremiada por la Biblioteca Nacional en el concurso público de 1871 é impresa á expensas del estado.
597 _aPort. con esc. real.
597 _aTexto a dos col.
650 4 _aRefranes y proverbios-
_zEspaña.
_916726
650 _aRefranes y proverbios-
_vBibliografías.
_9142330
852 _aES-MaACL
_jB-3399
_z-- Enc. pasta española
999 _c164868
_d164868